LEADER 01716oam 2200529z 450 001 9910708400403321 005 20230531175235.0 035 $a(CKB)1000000000009891 035 $a(OCoLC)858249113 035 $a(EXLCZ)991000000000009891 100 $a20121018d2000 ua 0 101 0 $aeng 135 $aurbn||||a|a|| 181 $ctxt$2rdacontent 182 $cc$2rdamedia 183 $acr$2rdacarrier 200 10$a3-D sound for virtual reality and multimedia /$fDurand R. Begault 210 1$aMoffett Field, Calif. :$cNational Aeronautics and Space Administration, Ames Research Center,$d2000. 215 $a1 online resource (xii, 232 pages) $cillustrations 225 1 $aNASA/TM ;$v2000-209606 300 $a"August 2000." 300 $a"Performing organization: NASA Ames Research Center"--Report documentation page 320 $aIncludes bibliographical references (pages 213-228). 410 0$aNASA technical memorandum 606 $aHuman-computer interaction 606 $aVirtual reality 606 $aMultimedia systems 606 $aComputer sound processing 606 $aSound in virtual reality 615 0$aHuman-computer interaction. 615 0$aVirtual reality. 615 0$aMultimedia systems. 615 0$aComputer sound processing. 615 0$aSound in virtual reality. 676 $a621.389/3 700 $aBegault$b Durand R.$f1957-$01354541 712 02$aAmes Research Center, 801 0$bOCLCE 801 1$bOCLCE 801 2$bOCLCO 801 2$bOCLCF 801 2$bOCLCQ 801 2$bGPO 906 $aBOOK 912 $a9910708400403321 996 $a3-D sound for virtual reality and multimedia$93339777 997 $aUNINA LEADER 02300oam 2200613 450 001 9910706946303321 005 20180417154150.0 035 $a(CKB)5470000002460015 035 $a(OCoLC)896811507 035 $a(OCoLC)995470000002460015 035 $a(EXLCZ)995470000002460015 100 $a20141123d2000 ua 0 101 0 $aeng 135 $aurn|||||||||| 181 $ctxt$2rdacontent 182 $cc$2rdamedia 183 $acr$2rdacarrier 200 00$aAssessment of regional earthquake hazards and risk along the Wasatch Front, Utah /$fPaula L. Gori and Walter W. Hays, editors 210 1$aReston, Va. :$cU.S. Department of the Interior, U.S. Geological Survey,$d2000. 215 $a1 online resource (III, 288 pages) $cillustrations, maps 225 1 $aU.S. Geological Survey professional paper ;$v1500-K-R 300 $a"Contributions from Utah Geological Survey, University of Utah, and Utah State University." 300 $a"Chapters K-R are issued as a single volume and are not available separately. Chapter titles are listed in the volume table of contents." 320 $aIncludes bibliographical references. 517 1 $aRegional earthquake hazards and risk, Wasatch Front, Utah 606 $aEarthquakes$zWasatch Range (Utah and Idaho) 606 $aEarthquakes$zUtah 606 $aEarthquake hazard analysis$zWasatch Range (Utah and Idaho) 606 $aEarthquake hazard analysis$zUtah 606 $aEarthquake hazard analysis$2fast 606 $aEarthquakes$2fast 607 $aUnited States$zWasatch Range$2fast 607 $aUtah$2fast 615 0$aEarthquakes 615 0$aEarthquakes 615 0$aEarthquake hazard analysis 615 0$aEarthquake hazard analysis 615 7$aEarthquake hazard analysis. 615 7$aEarthquakes. 702 $aGori$b Paula 702 $aHays$b Walter W. 712 02$aGeological Survey (U.S.), 712 02$aUtah Geological Survey, 712 02$aUniversity of Utah, 712 02$aUtah State University, 801 0$bCOP 801 1$bCOP 801 2$bOCLCO 801 2$bOCLCF 801 2$bGPO 906 $aBOOK 912 $a9910706946303321 996 $aAssessment of regional earthquake hazards and risk along the Wasatch Front, Utah$93336457 997 $aUNINA LEADER 02665nam 2200673Ia 450 001 9910778897803321 005 20230421034052.0 010 $a0-19-756060-1 010 $a1-280-44161-5 010 $a0-19-535819-8 010 $a0-585-30168-9 035 $a(CKB)111004366526870 035 $a(EBL)271221 035 $a(OCoLC)252546236 035 $a(SSID)ssj0000127536 035 $a(PQKBManifestationID)11140054 035 $a(PQKBTitleCode)TC0000127536 035 $a(PQKBWorkID)10051654 035 $a(PQKB)10307189 035 $a(MiAaPQ)EBC271221 035 $a(StDuBDS)EDZ0002341165 035 $a(Au-PeEL)EBL271221 035 $a(CaPaEBR)ebr10142359 035 $a(CaONFJC)MIL44161 035 $a(OCoLC)936850547 035 $a(EXLCZ)99111004366526870 100 $a19960229d1997 uy 0 101 0 $aeng 135 $aur|n|---||||| 181 $ctxt 182 $cc 183 $acr 200 10$aComputation, dynamics, and cognition$b[electronic resource] /$fMarco Giunti 210 $aNew York $cOxford University Press$d1997 215 $a1 online resource (192 p.) 225 1 $aOxford scholarship online 300 $aPreviously issued in print: 1997. 311 $a0-19-509009-8 320 $aIncludes bibliographical references (p. 163-172) and index. 327 $aContents; ONE: Mathematical Dynamical Systems and Computational Systems; TWO: Generalized Computational Systems; THREE: Galilean Models and Explanations; FOUR: Cognitive Systems and the Scientific Explanation of Cognition; References; Index 330 8 $a'Computation, Dynamics and Cognition' elaborates a comprehensive picture of the application of dynamical methods to the study of cognition. Giunti argues that both computational systems and connectionist networks are special types of dynamical systems. He shows how this dynamical approach can be applied to problems of cognition, information processing, consciousness, meaning and the relation between body and mind. 410 0$aOxford scholarship online. 606 $aCognition$xMathematical models 606 $aCognition$xSimulation methods 606 $aCognition$xData processing 606 $aHuman information processing 615 0$aCognition$xMathematical models. 615 0$aCognition$xSimulation methods. 615 0$aCognition$xData processing. 615 0$aHuman information processing. 676 $a153 700 $aGiunti$b Marco$0963828 801 0$bMiAaPQ 801 1$bMiAaPQ 801 2$bMiAaPQ 906 $aBOOK 912 $a9910778897803321 996 $aComputation, dynamics, and cognition$93775126 997 $aUNINA